=LDR 00000nam 2200000 4500 =001 INLIS000000000010319 =005 20130612102015 =008 ***********************************Ind** =035 ##$$0010-061300000010319 =041 ##$$a Ind =082 ##$$a 345.08 =090 ##$$a 345.08, Pra h =100 ##$$a PRAKOSO, Joko =245 ##$$a Hukum Penitensier di Indonesia; Joko Prakoso =260 ##$$a 2003 $b Jakarta =300 ##$$a 226 hlm, 21 cm =650 ##$$a Hukum Pidana =850 ##$$a NBPNMAT =990 ##$$a 0001/BPAP-NTB/2016